[Event "World Cup 2023 Open"]
[Site "Baku, Azerbaijan"]
[Date "2023.08.04"]
[Round "14.17"]
[White "Paravyan David (FID)"]
[Black "Bluebaum Matthias (GER)"]
[Result "1/2-1/2"]
[WhiteFideId "4194985"]
[BlackFideId "24651516"]
[WhiteElo "2612"]
[BlackElo "2672"]

1. e4 {[%clk 00:25:16]} {[%emt 00:00:03]} c6 {[%clk 00:25:19]} {[%emt
00:00:03]} 2. d4 {[%clk 00:25:23]} {[%emt 00:00:02]} d5 {[%clk 00:25:28]}
{[%emt 00:00:02]} 3. e5 {[%clk 00:25:32]} c5 {[%clk 00:25:36]} {[%emt
00:00:02]} 4. Nf3 {[%clk 00:25:40]} {[%emt 00:00:01]} cxd4 {[%clk 00:25:45]}
{[%emt 00:00:02]} 5. Nxd4 {[%clk 00:25:48]} {[%emt 00:00:02]} Nc6 {[%clk
00:25:53]} {[%emt 00:00:02]} 6. Nxc6 {[%clk 00:25:56]} {[%emt 00:00:02]} bxc6
{[%clk 00:26:02]} {[%emt 00:00:02]} 7. Bd3 {[%clk 00:26:03]} e6 {[%clk
00:26:11]} {[%emt 00:00:03]} 8. O-O {[%clk 00:26:09]} {[%emt 00:00:03]} Ne7
{[%clk 00:26:19]} {[%emt 00:00:02]} 9. Nd2 {[%clk 00:26:17]} {[%emt 00:00:01]}
a5 {[%clk 00:26:27]} {[%emt 00:00:02]} 10. Nf3 {[%clk 00:26:25]} {[%emt
00:00:02]} Ba6 {[%clk 00:26:36]} {[%emt 00:00:02]} 11. Bd2 {[%clk 00:26:22]}
{[%emt 00:00:11]} Ng6 {[%clk 00:26:44]} {[%emt 00:00:03]} 12. Bxa6 {[%clk
00:26:25]} {[%emt 00:00:07]} Rxa6 {[%clk 00:26:52]} {[%emt 00:00:02]} 13. Qe2
{[%clk 00:26:34]} Ra8 {[%clk 00:27:01]} {[%emt 00:00:02]} 14. c4 {[%clk
00:26:28]} {[%emt 00:00:15]} Bb4 {[%clk 00:26:50]} {[%emt 00:00:22]} 15. cxd5
{[%clk 00:20:19]} {[%emt 00:06:18]} Qxd5 {[%clk 00:26:25]} {[%emt 00:00:36]} 16.
Rfd1 {[%clk 00:19:42]} {[%emt 00:00:46]} Bxd2 {[%clk 00:24:58]} {[%emt
00:01:38]} 17. Rxd2 {[%clk 00:19:50]} {[%emt 00:00:02]} Qb5 {[%clk 00:25:06]}
{[%emt 00:00:02]} 18. Rc1 {[%clk 00:07:12]} {[%emt 00:12:47]} O-O {[%clk
00:24:42]} {[%emt 00:00:35]} 19. g3 {[%clk 00:07:04]} {[%emt 00:00:18]} h6
{[%clk 00:23:11]} {[%emt 00:01:41]} 20. Qxb5 {[%clk 00:05:57]} {[%emt
00:01:17]} cxb5 {[%clk 00:23:20]} {[%emt 00:00:02]} 21. Rc5 {[%clk 00:06:05]}
b4 {[%clk 00:22:35]} {[%emt 00:00:56]} 22. Nd4 {[%clk 00:04:17]} {[%emt
00:01:57]} Rfd8 {[%clk 00:22:07]} {[%emt 00:00:38]} 23. f4 {[%clk 00:04:25]}
{[%emt 00:00:02]} Ne7 {[%clk 00:21:41]} {[%emt 00:00:37]} 24. Kf2 {[%clk
00:02:45]} {[%emt 00:01:49]} a4 {[%clk 00:20:59]} {[%emt 00:00:52]} 25. Ke1
{[%clk 00:01:02]} {[%emt 00:01:53]} g5 {[%clk 00:18:16]} {[%emt 00:02:54]} 26.
Nb5 {[%clk 00:00:20]} {[%emt 00:00:51]} Rxd2 {[%clk 00:15:58]} {[%emt
00:02:29]} 27. Kxd2 {[%clk 00:00:29]} {[%emt 00:00:01]} gxf4 {[%clk 00:16:07]}
{[%emt 00:00:01]} 28. gxf4 {[%clk 00:00:38]} {[%emt 00:00:01]} Nd5 {[%clk
00:16:16]} 29. f5 {[%clk 00:00:22]} {[%emt 00:00:26]} Rd8 {[%clk 00:16:20]}
{[%emt 00:00:06]} 30. Nd6 {[%clk 00:00:13]} {[%emt 00:00:18]} a3 {[%clk
00:15:31]} {[%emt 00:00:59]} 31. bxa3 {[%clk 00:00:21]} {[%emt 00:00:02]} bxa3
{[%clk 00:15:40]} 32. Ra5 {[%clk 00:00:15]} {[%emt 00:00:16]} Nb4 {[%clk
00:14:47]} {[%emt 00:01:04]} 33. fxe6 {[%clk 00:00:12]} {[%emt 00:00:12]} fxe6
{[%clk 00:14:55]} {[%emt 00:00:02]} 34. Ke3 {[%clk 00:00:12]} {[%emt 00:00:10]}
Nc6 {[%clk 00:14:52]} {[%emt 00:00:13]} 35. Rxa3 {[%clk 00:00:13]} {[%emt
00:00:09]} Nxe5 {[%clk 00:14:59]} {[%emt 00:00:02]} 36. Ke4 {[%clk 00:00:12]}
{[%emt 00:00:11]} Rxd6 {[%clk 00:14:32]} {[%emt 00:00:38]} 37. Kxe5 {[%clk
00:00:21]} {[%emt 00:00:02]} Rd2 {[%clk 00:14:41]} {[%emt 00:00:01]} 38. h4
{[%clk 00:00:13]} {[%emt 00:00:18]} Rh2 {[%clk 00:14:49]} {[%emt 00:00:02]} 39.
Ra4 {[%clk 00:00:13]} {[%emt 00:00:10]} Kf7 {[%clk 00:14:52]} {[%emt 00:00:07]}
40. a3 {[%clk 00:00:22]} Re2+ {[%clk 00:14:33]} {[%emt 00:00:29]} 41. Re4
{[%clk 00:00:27]} {[%emt 00:00:05]} Rd2 {[%clk 00:14:34]} {[%emt 00:00:09]} 42.
Rd4 {[%clk 00:00:22]} {[%emt 00:00:15]} Re2+ {[%clk 00:14:43]} {[%emt
00:00:01]} 43. Re4 {[%clk 00:00:14]} {[%emt 00:00:18]} Rd2 {[%clk 00:14:52]} 44.
Rb4 {[%clk 00:00:14]} {[%emt 00:00:10]} Rd5+ {[%clk 00:14:41]} {[%emt
00:00:21]} 45. Ke4 {[%clk 00:00:23]} {[%emt 00:00:01]} Kf6 {[%clk 00:14:30]}
{[%emt 00:00:21]} 46. a4 {[%clk 00:00:17]} {[%emt 00:00:16]} Rd1 {[%clk
00:14:35]} {[%emt 00:00:05]} 47. Ke3 {[%clk 00:00:12]} {[%emt 00:00:15]} Kf5
{[%clk 00:14:34]} {[%emt 00:00:11]} 48. Rf4+ {[%clk 00:00:11]} {[%emt
00:00:10]} Ke5 {[%clk 00:14:39]} {[%emt 00:00:04]} 49. Re4+ {[%clk 00:00:20]}
Kf5 {[%clk 00:14:37]} {[%emt 00:00:12]} 50. Rd4 {[%clk 00:00:18]} {[%emt
00:00:12]} Ra1 {[%clk 00:14:41]} {[%emt 00:00:07]} 51. Rf4+ {[%clk 00:00:20]}
{[%emt 00:00:07]} Ke5 {[%clk 00:14:50]} {[%emt 00:00:02]} 52. Re4+ {[%clk
00:00:26]} {[%emt 00:00:04]} Kf5 {[%clk 00:14:58]} {[%emt 00:00:02]} 53. Rf4+
Ke5 {[%emt 00:00:02]} 1/2-1/2

[Event "World Cup 2023 Open"]
[Site "Baku, Azerbaijan"]
[Date "2023.08.04"]
[Round "14.18"]
[White "Bartel Mateusz (POL)"]
[Black "Donchenko Alexander (GER)"]
[Result "1-0"]
[WhiteFideId "1112635"]
[BlackFideId "24603295"]
[WhiteElo "2614"]
[BlackElo "2668"]

1. e4 {[%clk 00:25:19]} e5 {[%clk 00:25:18]} {[%emt 00:00:03]} 2. Nf3 {[%clk
00:25:27]} {[%emt 00:00:01]} Nc6 {[%clk 00:25:26]} {[%emt 00:00:02]} 3. g3
{[%clk 00:25:36]} {[%emt 00:00:02]} Nf6 {[%clk 00:25:10]} {[%emt 00:00:26]} 4.
d3 {[%clk 00:25:44]} {[%emt 00:00:02]} Bc5 {[%clk 00:24:50]} {[%emt 00:00:30]}
5. Bg2 {[%clk 00:25:52]} {[%emt 00:00:03]} O-O {[%clk 00:24:41]} {[%emt
00:00:19]} 6. O-O {[%clk 00:25:59]} {[%emt 00:00:02]} d6 {[%clk 00:24:36]}
{[%emt 00:00:14]} 7. c3 {[%clk 00:26:08]} {[%emt 00:00:02]} a5 {[%clk
00:24:12]} {[%emt 00:00:34]} 8. a4 {[%clk 00:26:16]} {[%emt 00:00:02]} h6
{[%clk 00:23:37]} {[%emt 00:00:44]} 9. Na3 {[%clk 00:26:25]} {[%emt 00:00:01]}
Re8 {[%clk 00:23:26]} {[%emt 00:00:22]} 10. Re1 {[%clk 00:26:33]} {[%emt
00:00:01]} Ba7 {[%clk 00:22:28]} {[%emt 00:01:08]} 11. Nb5 {[%clk 00:25:33]}
{[%emt 00:01:10]} Bb6 {[%clk 00:22:29]} {[%emt 00:00:09]} 12. h3 {[%emt
00:02:06]} Bd7 {[%clk 00:20:58]} {[%emt 00:01:39]} 13. d4 {[%clk 00:22:46]}
{[%emt 00:01:02]} exd4 {[%clk 00:19:17]} {[%emt 00:01:52]} 14. Nfxd4 {[%clk
00:22:53]} {[%emt 00:00:02]} Qe7 {[%clk 00:18:41]} {[%emt 00:00:46]} 15. Bf4
{[%clk 00:21:44]} {[%emt 00:01:19]} Ne5 {[%clk 00:17:40]} {[%emt 00:01:12]} 16.
Nf5 {[%clk 00:21:05]} {[%emt 00:00:49]} Bxf5 {[%clk 00:16:45]} {[%emt
00:01:05]} 17. exf5 {[%clk 00:21:12]} {[%emt 00:00:02]} Rab8 {[%clk 00:16:39]}
{[%emt 00:00:17]} 18. g4 {[%clk 00:20:40]} {[%emt 00:00:42]} Qd7 {[%clk
00:15:15]} {[%emt 00:01:35]} 19. Bg3 {[%clk 00:18:58]} {[%emt 00:01:50]} Nc4
{[%clk 00:13:47]} {[%emt 00:01:38]} 20. b3 {[%clk 00:14:55]} {[%emt 00:04:13]}
Rxe1+ {[%clk 00:13:54]} {[%emt 00:00:03]} 21. Qxe1 {[%clk 00:15:04]} {[%emt
00:00:02]} Re8 {[%clk 00:14:02]} {[%emt 00:00:02]} 22. Qd1 {[%clk 00:15:12]}
{[%emt 00:00:02]} Ne5 {[%clk 00:14:06]} {[%emt 00:00:07]} 23. Ra2 {[%clk
00:13:52]} {[%emt 00:01:30]} Nc6 {[%clk 00:12:13]} {[%emt 00:02:02]} 24. Re2
{[%clk 00:13:28]} {[%emt 00:00:33]} Re7 {[%clk 00:12:09]} {[%emt 00:00:15]} 25.
Kf1 {[%clk 00:13:21]} {[%emt 00:00:17]} Qe8 {[%clk 00:11:08]} {[%emt 00:01:11]}
26. Bh4 {[%clk 00:13:16]} {[%emt 00:00:15]} Re5 {[%clk 00:10:10]} {[%emt
00:01:09]} 27. Bg3 {[%clk 00:12:48]} {[%emt 00:00:38]} Re7 {[%clk 00:10:13]}
{[%emt 00:00:07]} 28. Bh4 {[%clk 00:11:02]} {[%emt 00:01:55]} Re5 {[%clk
00:10:22]} {[%emt 00:00:02]} 29. f4 {[%clk 00:11:11]} Re3 {[%clk 00:10:10]}
{[%emt 00:00:22]} 30. Bf2 {[%clk 00:11:05]} {[%emt 00:00:16]} Rxe2 {[%clk
00:09:35]} {[%emt 00:00:45]} 31. Qxe2 {[%clk 00:11:10]} {[%emt 00:00:05]} Bxf2
{[%clk 00:09:41]} {[%emt 00:00:04]} 32. Qxe8+ {[%clk 00:09:55]} {[%emt
00:01:24]} Nxe8 {[%clk 00:09:49]} {[%emt 00:00:02]} 33. Kxf2 {[%clk 00:10:03]}
{[%emt 00:00:02]} Nd8 {[%clk 00:09:39]} {[%emt 00:00:21]} 34. b4 {[%clk
00:09:55]} {[%emt 00:00:17]} c6 {[%clk 00:09:15]} {[%emt 00:00:34]} 35. Na7
{[%clk 00:07:58]} {[%emt 00:02:07]} axb4 {[%clk 00:07:29]} {[%emt 00:01:56]} 36.
cxb4 {[%clk 00:08:06]} {[%emt 00:00:02]} Nc7 {[%clk 00:07:26]} {[%emt
00:00:13]} 37. b5 {[%clk 00:04:42]} {[%emt 00:03:34]} cxb5 {[%clk 00:07:12]}
{[%emt 00:00:25]} 38. axb5 {[%clk 00:02:52]} {[%emt 00:02:00]} b6 {[%clk
00:05:36]} {[%emt 00:01:46]} 39. Bf1 {[%clk 00:03:00]} {[%emt 00:00:01]} Nb7
{[%clk 00:05:05]} {[%emt 00:00:41]} 40. Nc8 {[%clk 00:03:02]} {[%emt 00:00:06]}
d5 {[%clk 00:05:14]} {[%emt 00:00:02]} 41. Ke3 {[%clk 00:02:48]} {[%emt
00:00:24]} Nc5 {[%clk 00:00:52]} {[%emt 00:04:32]} 42. Nxb6 {[%clk 00:02:45]}
{[%emt 00:00:13]} Nb3 {[%clk 00:00:53]} {[%emt 00:00:10]} 43. Nd7 {[%clk
00:02:05]} {[%emt 00:00:50]} d4+ {[%clk 00:00:44]} {[%emt 00:00:19]} 44. Kf2
{[%clk 00:02:07]} {[%emt 00:00:07]} Ne8 {[%clk 00:00:12]} {[%emt 00:00:42]} 45.
b6 {[%clk 00:01:40]} {[%emt 00:00:37]} Nd6 {[%clk 00:00:21]} {[%emt 00:00:02]}
46. Bg2 {[%clk 00:01:47]} {[%emt 00:00:03]} d3 {[%clk 00:00:13]} {[%emt
00:00:19]} 47. b7 {[%clk 00:01:24]} {[%emt 00:00:32]} Nxb7 {[%clk 00:00:21]}
{[%emt 00:00:02]} 48. Bxb7 {[%clk 00:01:32]} {[%emt 00:00:01]} Nd4 {[%clk
00:00:30]} {[%emt 00:00:01]} 49. Ke3 {[%clk 00:01:13]} {[%emt 00:00:30]} Ne2
{[%clk 00:00:31]} {[%emt 00:00:09]} 50. Bf3 {[%clk 00:01:19]} {[%emt 00:00:03]}
Ng1 {[%clk 00:00:38]} {[%emt 00:00:03]} 51. Bg2 {[%clk 00:01:27]} {[%emt
00:00:02]} Ne2 {[%clk 00:00:46]} {[%emt 00:00:02]} 52. Ne5 {[%clk 00:01:28]}
{[%emt 00:00:08]} 1-0

[Event "World Cup 2023 Open"]
[Site "Baku, Azerbaijan"]
[Date "2023.08.04"]
[Round "14.19"]
[White "Iturrizaga Bonelli Eduardo (ESP)"]
[Black "Korobov Anton (UKR)"]
[Result "0-1"]
[WhiteFideId "3901211"]
[BlackFideId "14105730"]
[WhiteElo "2617"]
[BlackElo "2667"]

1. c4 {[%clk 00:25:18]} {[%emt 00:00:01]} Nf6 {[%clk 00:25:19]} {[%emt
00:00:01]} 2. Nf3 {[%clk 00:25:22]} {[%emt 00:00:06]} e6 {[%clk 00:25:24]}
{[%emt 00:00:05]} 3. g3 {[%clk 00:25:28]} {[%emt 00:00:04]} b6 {[%clk
00:25:29]} {[%emt 00:00:05]} 4. Bg2 {[%clk 00:25:35]} {[%emt 00:00:03]} Bb7
{[%clk 00:25:37]} {[%emt 00:00:02]} 5. O-O {[%clk 00:25:39]} {[%emt 00:00:06]}
c5 {[%clk 00:25:45]} {[%emt 00:00:03]} 6. Nc3 {[%clk 00:25:31]} {[%emt
00:00:18]} Be7 {[%clk 00:25:49]} {[%emt 00:00:06]} 7. d4 {[%clk 00:25:20]}
{[%emt 00:00:21]} cxd4 {[%clk 00:25:57]} {[%emt 00:00:02]} 8. Qxd4 {[%clk
00:25:28]} {[%emt 00:00:02]} O-O {[%clk 00:26:00]} {[%emt 00:00:07]} 9. Rd1
{[%clk 00:25:25]} {[%emt 00:00:13]} Nc6 {[%clk 00:25:40]} {[%emt 00:00:30]} 10.
Qf4 {[%clk 00:25:25]} {[%emt 00:00:10]} d6 {[%clk 00:25:28]} {[%emt 00:00:22]}
11. b3 {[%clk 00:25:28]} {[%emt 00:00:06]} Qb8 {[%clk 00:24:55]} {[%emt
00:00:43]} 12. Bb2 {[%clk 00:24:29]} {[%emt 00:01:09]} Rd8 {[%clk 00:24:41]}
{[%emt 00:00:24]} 13. g4 {[%clk 00:23:18]} {[%emt 00:01:20]} Ne5 {[%clk
00:21:06]} {[%emt 00:03:45]} 14. h3 {[%clk 00:19:52]} {[%emt 00:03:36]} Ng6
{[%clk 00:20:41]} {[%emt 00:00:35]} 15. Qg3 {[%clk 00:19:15]} {[%emt 00:00:47]}
a6 {[%clk 00:20:11]} {[%emt 00:00:41]} 16. Nd4 {[%clk 00:14:21]} {[%emt
00:05:03]} Rc8 {[%clk 00:15:12]} {[%emt 00:05:09]} 17. g5 {[%clk 00:10:14]}
{[%emt 00:04:17]} Nh5 {[%clk 00:14:38]} {[%emt 00:00:43]} 18. Qg4 {[%clk
00:10:20]} {[%emt 00:00:04]} Bxg2 {[%clk 00:08:54]} {[%emt 00:05:54]} 19. Kxg2
{[%clk 00:10:18]} {[%emt 00:00:12]} Qb7+ {[%clk 00:08:31]} {[%emt 00:00:34]} 20.
Kh2 {[%clk 00:09:28]} {[%emt 00:01:00]} Nhf4 {[%clk 00:06:27]} {[%emt
00:02:14]} 21. e3 {[%clk 00:09:27]} {[%emt 00:00:11]} e5 {[%clk 00:05:21]}
{[%emt 00:01:16]} 22. Nf5 {[%clk 00:07:23]} {[%emt 00:02:14]} Ne6 {[%clk
00:05:29]} {[%emt 00:00:01]} 23. h4 {[%clk 00:07:30]} {[%emt 00:00:03]} Rc6
{[%clk 00:03:23]} {[%emt 00:02:16]} 24. Nd5 {[%clk 00:05:28]} {[%emt 00:02:12]}
Bf8 {[%clk 00:02:57]} {[%emt 00:00:37]} 25. h5 {[%clk 00:03:55]} {[%emt
00:01:43]} Ne7 {[%clk 00:02:55]} {[%emt 00:00:12]} 26. Nh6+ {[%clk 00:01:57]}
{[%emt 00:02:07]} gxh6 {[%clk 00:02:51]} {[%emt 00:00:15]} 27. gxh6+ {[%clk
00:02:05]} {[%emt 00:00:02]} Kh8 {[%clk 00:02:23]} {[%emt 00:00:38]} 28. Qf3
{[%clk 00:01:15]} {[%emt 00:01:01]} f5 {[%clk 00:01:16]} {[%emt 00:01:17]} 29.
Rg1 {[%clk 00:01:03]} {[%emt 00:00:22]} Rc7 {[%clk 00:00:52]} {[%emt 00:00:34]}
30. Qg3 {[%clk 00:00:47]} {[%emt 00:00:26]} Bxh6 {[%clk 00:00:56]} {[%emt
00:00:06]} 31. Bxe5+ {[%clk 00:00:54]} {[%emt 00:00:03]} dxe5 {[%clk 00:01:00]}
{[%emt 00:00:05]} 32. Qxe5+ {[%clk 00:01:03]} {[%emt 00:00:01]} Bg7 {[%clk
00:00:51]} {[%emt 00:00:20]} 33. Rxg7 {[%clk 00:01:10]} {[%emt 00:00:03]} Nxg7
{[%clk 00:01:00]} 34. Qxc7 {[%clk 00:00:13]} {[%emt 00:01:08]} Qxc7+ {[%clk
00:00:45]} {[%emt 00:00:24]} 35. Nxc7 {[%clk 00:00:22]} Ra7 {[%clk 00:00:44]}
{[%emt 00:00:11]} 36. Nd5 {[%clk 00:00:21]} {[%emt 00:00:11]} Nxd5 {[%clk
00:00:45]} {[%emt 00:00:09]} 37. cxd5 {[%clk 00:00:30]} {[%emt 00:00:02]} Nxh5
{[%clk 00:00:53]} {[%emt 00:00:02]} 38. Rc1 {[%clk 00:00:36]} {[%emt 00:00:03]}
Nf6 {[%clk 00:00:58]} {[%emt 00:00:06]} 39. d6 {[%clk 00:00:37]} {[%emt
00:00:09]} Rd7 {[%clk 00:00:41]} {[%emt 00:00:27]} 40. Rc6 {[%clk 00:00:44]}
{[%emt 00:00:03]} Ne4 {[%clk 00:00:44]} {[%emt 00:00:07]} 41. f3 {[%clk
00:00:47]} {[%emt 00:00:07]} Nxd6 {[%clk 00:00:46]} {[%emt 00:00:08]} 42. Rxb6
{[%clk 00:00:56]} {[%emt 00:00:02]} a5 {[%clk 00:00:46]} {[%emt 00:00:10]} 43.
Kg3 {[%clk 00:01:00]} {[%emt 00:00:06]} Kg7 {[%clk 00:00:50]} {[%emt 00:00:05]}
44. Kf4 {[%clk 00:01:07]} {[%emt 00:00:03]} Kf6 {[%clk 00:00:49]} {[%emt
00:00:12]} 45. Ra6 {[%clk 00:01:09]} {[%emt 00:00:08]} h5 {[%clk 00:00:46]}
{[%emt 00:00:12]} 46. Rxa5 {[%clk 00:01:09]} {[%emt 00:00:11]} h4 {[%clk
00:00:46]} {[%emt 00:00:09]} 47. Rd5 {[%clk 00:01:07]} {[%emt 00:00:10]} Ke6
{[%clk 00:00:27]} {[%emt 00:00:31]} 48. Re5+ {[%clk 00:01:15]} {[%emt
00:00:01]} Kf6 {[%clk 00:00:36]} {[%emt 00:00:01]} 49. Rd5 {[%clk 00:01:25]} h3
{[%clk 00:00:38]} {[%emt 00:00:09]} 50. Kg3 {[%clk 00:01:13]} {[%emt 00:00:21]}
Ke6 {[%clk 00:00:47]} 51. Rd4 {[%clk 00:00:59]} {[%emt 00:00:25]} Rh7 {[%clk
00:00:50]} {[%emt 00:00:07]} 52. Kh2 {[%clk 00:01:01]} {[%emt 00:00:08]} Nf7
{[%clk 00:00:59]} {[%emt 00:00:02]} 53. Ra4 {[%clk 00:00:32]} {[%emt 00:00:38]}
Rh8 {[%clk 00:00:28]} {[%emt 00:00:41]} 54. Ra6+ {[%clk 00:00:36]} {[%emt
00:00:06]} Ke7 {[%clk 00:00:33]} {[%emt 00:00:05]} 55. Ra7+ {[%clk 00:00:41]}
{[%emt 00:00:05]} Kf6 {[%clk 00:00:38]} {[%emt 00:00:05]} 56. Ra6+ {[%clk
00:00:47]} {[%emt 00:00:04]} Kg5 {[%clk 00:00:46]} {[%emt 00:00:02]} 57. Ra5
{[%clk 00:00:55]} {[%emt 00:00:02]} Re8 {[%clk 00:00:34]} {[%emt 00:00:22]} 58.
e4 {[%clk 00:01:01]} {[%emt 00:00:04]} Ne5 {[%clk 00:00:39]} {[%emt 00:00:05]}
59. exf5 {[%clk 00:00:27]} {[%emt 00:00:44]} Kf4 {[%clk 00:00:46]} {[%emt
00:00:04]} 60. Ra4+ {[%clk 00:00:19]} {[%emt 00:00:19]} Kxf3 {[%clk 00:00:42]}
{[%emt 00:00:14]} 61. Kxh3 {[%clk 00:00:26]} {[%emt 00:00:03]} Nf7 {[%clk
00:00:44]} {[%emt 00:00:08]} 62. Kh2 {[%clk 00:00:23]} {[%emt 00:00:13]} Ng5
{[%clk 00:00:37]} {[%emt 00:00:17]} 63. f6 {[%clk 00:00:19]} {[%emt 00:00:14]}
Kf2 {[%clk 00:00:21]} {[%emt 00:00:26]} 64. Rf4+ {[%clk 00:00:24]} {[%emt
00:00:05]} Nf3 {[%clk 00:00:30]} {[%emt 00:00:01]} 65. Kh3 {[%clk 00:00:29]}
{[%emt 00:00:06]} Rg8 {[%clk 00:00:38]} {[%emt 00:00:01]} 0-1

[Event "World Cup 2023 Open"]
[Site "Baku, Azerbaijan"]
[Date "2023.08.04"]
[Round "14.20"]
[White "Ivanchuk Vasyl (UKR)"]
[Black "Henriquez Villagra Cristobal (CHI)"]
[Result "1/2-1/2"]
[WhiteFideId "14100010"]
[BlackFideId "3409350"]
[WhiteElo "2667"]
[BlackElo "2618"]

1. c4 {[%clk 00:25:19]} e5 {[%clk 00:25:18]} {[%emt 00:00:02]} 2. Nc3 {[%clk
00:25:26]} {[%emt 00:00:03]} Bb4 {[%clk 00:25:27]} {[%emt 00:00:02]} 3. g3
{[%clk 00:25:32]} {[%emt 00:00:03]} Nf6 {[%clk 00:25:21]} {[%emt 00:00:15]} 4.
Nf3 {[%clk 00:25:38]} {[%emt 00:00:05]} e4 {[%clk 00:23:50]} {[%emt 00:01:42]}
5. Nd4 {[%clk 00:25:46]} {[%emt 00:00:02]} O-O {[%clk 00:22:07]} {[%emt
00:01:52]} 6. Bg2 {[%clk 00:25:55]} Re8 {[%clk 00:22:02]} {[%emt 00:00:15]} 7.
O-O {[%clk 00:26:03]} {[%emt 00:00:02]} Nc6 {[%clk 00:21:20]} {[%emt 00:00:52]}
8. Nc2 {[%clk 00:26:11]} {[%emt 00:00:02]} Bxc3 {[%clk 00:20:41]} {[%emt
00:00:49]} 9. dxc3 {[%clk 00:26:20]} h6 {[%clk 00:20:36]} {[%emt 00:00:15]} 10.
Ne3 {[%clk 00:26:11]} {[%emt 00:00:18]} d6 {[%clk 00:20:25]} {[%emt 00:00:21]}
11. a4 {[%clk 00:26:06]} {[%emt 00:00:16]} a5 {[%clk 00:19:55]} {[%emt
00:00:41]} 12. b3 {[%clk 00:26:13]} {[%emt 00:00:03]} Ne5 {[%clk 00:19:41]}
{[%emt 00:00:23]} 13. f4 {[%clk 00:26:20]} {[%emt 00:00:02]} exf3 {[%clk
00:18:48]} {[%emt 00:01:04]} 14. exf3 {[%clk 00:26:29]} Ned7 {[%clk 00:18:28]}
{[%emt 00:00:29]} 15. Ra2 {[%clk 00:26:32]} {[%emt 00:00:06]} Nc5 {[%clk
00:18:23]} {[%emt 00:00:16]} 16. Re2 {[%clk 00:26:39]} {[%emt 00:00:02]} Be6
{[%clk 00:17:20]} {[%emt 00:01:12]} 17. Ba3 {[%clk 00:26:26]} {[%emt 00:00:24]}
c6 {[%clk 00:13:55]} {[%emt 00:03:35]} 18. Bxc5 {[%clk 00:26:34]} {[%emt
00:00:01]} dxc5 {[%clk 00:14:04]} {[%emt 00:00:01]} 19. Qc2 {[%clk 00:26:43]}
{[%emt 00:00:02]} Qc7 {[%clk 00:13:31]} {[%emt 00:00:42]} 20. Rfe1 {[%clk
00:26:44]} {[%emt 00:00:08]} Re7 {[%clk 00:13:11]} {[%emt 00:00:31]} 21. f4
{[%clk 00:26:25]} {[%emt 00:00:29]} Rae8 {[%clk 00:13:09]} {[%emt 00:00:12]} 22.
Bf3 {[%clk 00:26:22]} {[%emt 00:00:13]} Kf8 {[%clk 00:12:52]} {[%emt 00:00:27]}
23. Nf5 {[%clk 00:25:33]} {[%emt 00:00:58]} Bxf5 {[%clk 00:12:17]} {[%emt
00:00:46]} 24. Qxf5 {[%clk 00:25:41]} {[%emt 00:00:02]} Rxe2 {[%clk 00:11:48]}
{[%emt 00:00:40]} 25. Rxe2 {[%clk 00:25:49]} {[%emt 00:00:02]} Rxe2 {[%clk
00:11:01]} {[%emt 00:00:57]} 26. Bxe2 {[%clk 00:25:58]} {[%emt 00:00:01]}
1/2-1/2